00419nam a2200157 a 45000010005000000030009000050080041000140400028000550820020000831000024001032450042001272600044001693000010002136500021002236500017002441405CO-ViMGA141112s2004 ck r 000 u spa d aCO-ViMGAbspacCO-ViMGA04aCh 864.44 L136n1 aLafourcade, Enrique10aNeruda en el país de las maravillas aSantafé de Bogotá : bNorma, c1994 a173 p14aENSAYOS CHILENOS14aPABLO NERUDA